Music Quiz

Random Music or Clickable Quiz
Score 0/25 Timer 05:00
2 Plays Today
Question Answer Wrong Answers
U2 The Joshua Tree
90.5%
War
4.5%
Boy
1.9%
October
2.6%
Duran Duran Rio
68.8%
Notorious
10.4%
Big Thing
1.7%
Duran Duran
18.9%
Culture Club Colour by Numbers
66.1%
Kissing to be Clever
14.8%
Waking Up With the House on Fire
9.1%
From Luxury to Heartache
3.7%
INXS Kick
62.1%
Listen Like Thieves
18.3%
The Swing
6.4%
Underneath the Colours
10.6%
Depeche Mode Music for the Masses
60.1%
A Broken Frame
7.5%
Black Celebration
10.4%
Speak & Spell
12.3%
Van Halen 5150
58%
Diver Down
11.4%
Women and Children First
19.2%
Fair Warning
9.8%
Genesis Invisible Touch
55.8%
Abacab
12.9%
Duke
4.1%
Genesis
19.7%
The B-52's Cosmic Thing
54.8%
Whammy!
11.3%
Bouncing Off the Satellites
13.1%
Wild Planet
12.1%
Echo & the Bunnymen Echo & the Bunnymen
53.4%
Ocean Rain
13.7%
Crocodiles
10.1%
Heaven Up Here
13%
Talking Heads Speaking in Tongues
50.4%
Remain in Light
14.8%
Little Creatures
14.8%
True Stories
14.3%
Journey Escape
45.2%
Departure
13.2%
Frontiers
22%
Raised on Radio
9.7%
Queen The Game
39.6%
Hot Space
13.4%
The Works
27.7%
The Miracle
14.5%
Def Leppard Hysteria
36.4%
On Through the Night
19.2%
High 'n' Dry
14.4%
Pyromania
21.7%
R.E.M. Document
35.8%
Murmur
23%
Fables of the Reconstruction
14.3%
Reckoning
19%
The Human League Dare
35.3%
Hysteria
20.9%
Crash
22.1%
Travelogue
13.4%
Ramones End of the Century
34.1%
Too Tough to Die
20.4%
Animal Boy
11.6%
Brain Drain
23.5%
The Cure Disintegration
33.5%
The Head on the Door
10.6%
Pornography
20.3%
Kiss Me, Kiss Me, Kiss Me
31.3%
The Cars Heartbeat City
33.4%
Panorama
10.2%
Door to Door
10.7%
Shake it Up
39.1%
Squeeze Sweets from a Stranger
32.7%
Argybargy
19.5%
Frank
11.6%
East Side Story
26.7%
Elvis Costello & the Attractions Get Happy!
28.4%
Punch the Clock
19%
Goodbye Cruel World
30.8%
Trust
12.8%
Hall & Oates H2O
25.2%
Voices
10.9%
Private Eyes
51.7%
Ooh Yeah!
5.3%
Devo Freedom of Choice
23.5%
Shout
12.3%
Oh, No! It's Devo
31.4%
Total Devo
25.5%
New Order Technique
20.9%
Low-Life
11.6%
Movement
23.2%
Power, Corruption & Lies
34.3%
Eurythmics Touch
11.7%
Savage
3.3%
We Too Are One
2.6%
Sweet Dreams (Are Made of This)
79.2%
The Smiths Strangeways, Here We Come
10.6%
Meat is Murder
18.4%
The Smiths
27.3%
The Queen is Dead
33.6%
Remove Ads.
Support Sporcle.
Get the best of Sporcle when you Go Orange. This ad-free experience offers more features, more stats, and more fun while also helping to support Sporcle. Thank you for becoming a member.

You're not logged in!

Compare scores with friends on all Sporcle quizzes.
OR
Log In

Show Comments

Extras

Top Quizzes Today


Score Distribution

Your Account Isn't Verified!

In order to create a playlist on Sporcle, you need to verify the email address you used during registration. Go to your Sporcle Settings to finish the process.

Report this User

Report this user for behavior that violates our Community Guidelines.

Details: